Расчет кинетики процесса парового риформинга природного газа с использованием уравнения состояния Пенга Робинсона; Химия и химическая технология в XXI веке; Т. 1

Podrobná bibliografie
Parent link:Химия и химическая технология в XXI веке: материалы XXVI Международной научно-практической конференции студентов и молодых ученых имени выдающихся химиков Л. П. Кулёва и Н. М. Кижнера, посвященной 125-летию со дня рождения профессора Л. П. Кулёва, 19-23 мая 2025 г., г. Томск/ Национальный исследовательский Томский политехнический университет.— .— Томск: Изд-во ТПУ, 2025
Т. 1.— 2025.— С. 333-335
Hlavní autor: Патрихин М. Ю. Михаил Юрьевич
Další autoři: Долганов И. М. Игорь Михайлович (научный руководитель)
Shrnutí:Заглавие с экрана
Текстовый файл
Jazyk:ruština
Vydáno: 2025
Témata:
On-line přístup:http://earchive.tpu.ru/handle/11683/135237
Médium: MixedMaterials Elektronický zdroj Kapitola
KOHA link:https://koha.lib.tpu.ru/cgi-bin/koha/opac-detail.pl?biblionumber=685223

MARC

LEADER 00000naa2a2200000 4500
001 685223
005 20260322132124.0
090 |a 685223 
100 |a 20260227d2025 k||y0rusy50 ca 
101 0 |a rus 
102 |a RU 
135 |a drcn ---uucaa 
200 1 |a Расчет кинетики процесса парового риформинга природного газа с использованием уравнения состояния Пенга Робинсона  |f М. Ю. Патрихин  |g науч. рук. И. М. Долганов 
300 |a Заглавие с экрана 
320 |a Список литературы: 2 назв 
336 |a Текстовый файл 
461 1 |0 684476  |9 684476  |t Химия и химическая технология в XXI веке  |o материалы XXVI Международной научно-практической конференции студентов и молодых ученых имени выдающихся химиков Л. П. Кулёва и Н. М. Кижнера, посвященной 125-летию со дня рождения профессора Л. П. Кулёва, 19-23 мая 2025 г., г. Томск  |f Национальный исследовательский Томский политехнический университет  |c Томск  |d 2025  |n Изд-во ТПУ 
463 1 |0 684478  |9 684478  |t Т. 1  |d 2025  |v С. 333-335  |u conference_tpu-2025-C27_V1.pdf 
545 1 |a Технология и моделирование процессов подготовки и переработки углеводородного сырья 
610 1 |a труды учёных ТПУ 
610 1 |a электронный ресурс 
610 1 |a водород 
610 1 |a паровой риформинг 
610 1 |a метан 
610 1 |a трубчатые реакторы 
700 1 |a Патрихин  |b М. Ю.  |c химик-технолог  |c инженер Томского политехнического университета  |f 1999-  |g Михаил Юрьевич  |9 23084 
702 1 |a Долганов  |b И. М.  |c химик-технолог  |c доцент Томского политехнического университета, кандидат технических наук  |f 1987-  |g Игорь Михайлович  |4 727 
801 0 |a RU  |b 63413507  |c 20260227  |g RCR 
850 |a 63413507 
856 4 0 |u http://earchive.tpu.ru/handle/11683/135237  |z http://earchive.tpu.ru/handle/11683/135237 
942 |c CF